00262nam a22000977a 4500008004100000020001500041082001600056245005100072260003300123300000800156230621b xxu||||| |||| 00| 0 eng d a999167392x a328.30bNAM aHistorical Overview of the Namibian Parliament aNamibiabRepublic of Namibia a15p